| 000 | 00586nam a22001817a 4500 | ||
|---|---|---|---|
| 008 | 161007b xxu||||| |||| 00| 0 eng d | ||
| 020 | _a0226311975 | ||
| 040 |
_aKABU _cKABU |
||
| 050 |
_aML3790 _b.T39 2015 C.1 |
||
| 100 | _aTaylor, Timothy D. | ||
| 245 |
_aMusic and capitalism _ba history of the present _cby Timothy D. Taylor |
||
| 260 |
_aUSA _bThe university of Chicago oress _c2015 |
||
| 300 | _ax, 217 p. | ||
| 650 |
_2Music _xEconomic aspects |
||
| 650 | _2Music Trade | ||
| 650 |
_2Music _xSocial aspects |
||
| 942 |
_2lcc _cBK _hML3790 .T39 2015 C.1 |
||
| 999 |
_c16174 _d16174 |
||